000 00956cam a22002537a 4500
001 13251860
005 20250926113006.0
008 030625s2003 nyua b 001 0 eng
020 _a0071350764
_qalk. paper
020 _a9780071350761
_q(alk. paper)
050 0 0 _aRS403
_b.A676 2003
082 0 0 _a615/.19
_222
245 0 0 _aApplied physical pharmacy /
_ceditors, Mansoor M. Amiji, Beverly J. Sandmann.
260 _aNew York :
_bMcGraw-Hill, Medical Pub. Division,
_cc2003.
300 _axii, 462 p. :
_bill. ;
_c24 cm.
650 0 _aPharmaceutical chemistry.
650 1 2 _aTechnology, Pharmaceutical.
650 2 2 _aChemistry, Pharmaceutical.
700 1 _aAmiji, Mansoor M.
700 1 _aSandmann, Beverly J.
856 4 2 _3Publisher description
_uhttp://www.loc.gov/catdir/description/mh031/2003270554.html
856 4 2 _3Contributor biographical information
_uhttp://www.loc.gov/catdir/enhancements/fy0739/2003270554-b.html
942 _2lcc
_cBK
_n0
999 _c7751
_d7751